| 000 | 00463nam a2200169 i 4500 | ||
|---|---|---|---|
| 001 | 37759 | ||
| 003 | ES-MaACL | ||
| 005 | 20250724063406.0 | ||
| 007 | t| | ||
| 008 | 030221s1842 gw ||||1| eng d | ||
| 100 | 1 |
_aByron, George Gordon Byron, _cBaron, _d1788-1824 _933026 |
|
| 245 | 1 | 4 | _aThe works of Byron. |
| 260 |
_aLeipzig : _bBeruhard Tauchnitz, _c1842. |
||
| 300 |
_a5 v. ; _c15 cm. |
||
| 852 |
_aES-MaACL _jG-11385-89 |
||
| 999 |
_c37759 _d37759 |
||